Educación creativa: proyectos escolares (Registro nro. 187)
[ vista simple ]
| 000 -CABECERA | |
|---|---|
| campo de control de longitud fija | 00950aam a2200337 4500 |
| 005 - FECHA Y HORA DE ACTUALIZACIÓN | |
| campo de control | 20220823135827.0 |
| 008 - LONGITUD FIJA | |
| campo de control de longitud fija | 150721b xxu||||| |||| 00| 0 spa d |
| 041 ## - IDIOMA | |
| Código de idioma del texto/pista de sonido o título separado | |
| 082 ## - CLASIFICACIÓN DECIMAL DEWEY | |
| Número de clasificación | 371.39 E24e |
| 245 ## - TÍTULO PROPIAMENTE DICHO | |
| Título | Educación creativa: proyectos escolares |
| 260 ## - PIE DE IMPRENTA | |
| Lugar de publicación, distribución, etc. | México |
| 260 ## - PIE DE IMPRENTA | |
| Nombre del editor, distribuidor, etc. | Lexus |
| 260 ## - PIE DE IMPRENTA | |
| Fecha de publicación, distribución, etc. | 2005 |
| 300 ## - DESCRIPCIÓN FÍSICA | |
| Extensión | 800 páginas |
| 650 ## - Materia General | |
| Materia general | APRENDIZAJE |
| 650 ## - Materia General | |
| Materia general | PROYECTOS ESCOLARES |
| 650 ## - Materia General | |
| Materia general | CREATIVIDAD |
| 650 ## - Materia General | |
| Materia general | JUEGOS |
| 650 ## - Materia General | |
| Materia general | IMAGEN CORPORAL |
| 650 ## - Materia General | |
| Materia general | LENGUAJE CORPORAL |
| 650 ## - Materia General | |
| Materia general | ESCENOGRAFÍA |
| 650 ## - Materia General | |
| Materia general | EDUCACIÓN PRIMARIA |
| 650 ## - Materia General | |
| Materia general | CLASIFICACIÓN DE JUEGOS |
| 650 ## - Materia General | |
| Materia general | JUEGOS TRADICIONALES |
| 650 ## - Materia General | |
| Materia general | JUEGOS CORPORALES |
| 650 ## - Materia General | |
| Materia general | JUEGOS CON OBJETOS |
| 650 ## - Materia General | |
| Materia general | JUEGOS DIDÁCTICOS |
| 650 ## - Materia General | |
| Materia general | ACERTIJOS |
| 650 ## - Materia General | |
| Materia general | EXPERIMENTOS |
| 942 ## - Punto de Acceso Adicional Koha | |
| Tipo de ítem Koha | Libro |
| Estado perdido | Estado dañado | No para préstamo | Biblioteca permanente | Biblioteca actual | Signatura completa | Código de barras | Precio efectivo a partir del | Tipo de ítem |
|---|---|---|---|---|---|---|---|---|
| Departamento de Biblioteca y Documentación Alfonso Chase Brenes | Departamento de Biblioteca y Documentación Alfonso Chase Brenes | 371.39 E24e | 3284 | 23/08/2016 | Libro |